000 00469cam a2200193ua 4500
001 8265
005 20260515114319.0
008 150113n ii |||gr||||Z||||||eng
040 _cMAIN
041 _aeng
082 _a842
100 _aSengupta, S.P.,
_eAuthor.
245 _aSamuel Beckett waiting for godot :
_bStudy /
_cBy S.P. Sengupta .
250 _a2nd.
260 _aBareilly:
_bPrakash,
_c1994.
300 _a120p.
653 _aFrench drama
942 _cBK
999 _c7375
_d7375